[Event "HUN-chT2 Breyer 0708"]
[Site "Hungary"]
[Date "2008.04.27"]
[Round "10"]
[White "Bencsura, Barnabas"]
[Black "Huszar, Richard"]
[Result "0-1"]
[WhiteElo "2004"]
[BlackElo "2038"]
[PlyCount "142"]
[EventDate "2007.10.14"]
[EventType "team"]
[EventRounds "11"]
[EventCountry "HUN"]
[SourceTitle "EXT 2009"]
[Source "ChessBase"]
[SourceDate "2008.11.26"]
[SourceVersion "1"]
[SourceVersionDate "2008.11.26"]
[SourceQuality "1"]
[WhiteTeam "Balatonfuered"]
[BlackTeam "Kisber Aszar"]
[WhiteTeamCountry "HUN"]
[BlackTeamCountry "HUN"]

1. c4 Nf6 2. Nc3 e5 3. e3 Bb4 4. Nge2 c6 5. a3 Ba5 6. b4 Bc7 7. Qc2 d5 8. cxd5 Nxd5 9. Bb2 0-0 10. Rd1 Qe7 11. b5 Be6 12. Ng3 a6 13. bxa6 Nxa6 14. Be2 Nc5 15. Nxd5 cxd5 16. 0-0 Na4 17. Rb1 Rfc8 18. Rfc1 g6 19. Ba1 Bd6 20. Qb3 Rxc1+ 21. Rxc1 Bxa3 22. Rb1 Nc5 23. Qc2 Bd7 24. d4 exd4 25. Bxd4 Ne6 26. Ba1 Bc6 27. Bb5 Bc5 28. Qe2 Qd7 29. Bd3 d4 30. Qb2 Ba3 31. Qe2 dxe3 32. Qxe3 Bc5 33. Qe5 Rxa1 34. Rxa1 Qxd3 35. Ra8+ Bf8 36. h4 Qd5 37. Qxd5 Bxd5 38. h5 b5 39. Ra5 Nd4 40. hxg6 hxg6 41. Nf1 Be6 42. Nd2 b4 43. Ra8 Kg7 44. f3 b3 45. Rb8 Bd6 46. Rb7 Bf4 47. Nb1 Bg3 48. Rb4 Ne2+ 49. Kf1 Nc1 50. Nd2 Be5 51. Rb7 b2 52. Nb1 Ba2 53. Na3 Bd6 54. Rxb2 Bxa3 55. Rc2 Bb1 56. Rc3 Bb2 57. Rc7 Bf5 58. g4 Bd3+ 59. Ke1 Ne2 60. Kd2 Nf4 61. Rb7 Bf6 62. Rb4 Bc3+ 63. Kxc3 Nd5+ 64. Kxd3 Nxb4+ 65. Kc4 Kf6 66. Kxb4 Ke5 67. Kc5 Kf4 68. Kd6 Kxf3 69. g5 Kf4 70. Ke7 Kxg5 71. Kxf7 Kf5 0-1

[Event "HUN-chT2 Breyer 0607"]
[Site "Hungary"]
[Date "2006.12.03"]
[Round "3"]
[White "Izso, Daniel"]
[Black "Bencsura, Barnabas"]
[Result "1-0"]
[WhiteElo "2091"]
[BlackElo "2040"]
[PlyCount "61"]
[EventDate "2006.11.12"]
[EventType "team"]
[EventRounds "11"]
[EventCountry "HUN"]
[SourceTitle "EXT 2008"]
[Source "ChessBase"]
[SourceDate "2007.11.25"]
[SourceVersion "1"]
[SourceVersionDate "2007.11.25"]
[SourceQuality "1"]
[WhiteTeam "Stat PSC II"]
[BlackTeam "Balatonfuered"]
[WhiteTeamCountry "HUN"]
[BlackTeamCountry "HUN"]

1. e4 c5 2. Nf3 e6 3. d4 cxd4 4. Nxd4 a6 5. Bd3 Nc6 6. Be3 Qc7 7. 0-0 Nf6 8. Nc3 Be7 9. f4 d6 10. Qf3 Nb4 11. Kh1 b6 12. a3 Nxd3 13. cxd3 Bb7 14. Rac1 Qd8 15. Nce2 Rc8 16. Rxc8 Qxc8 17. Rc1 Qa8 18. Qg3 Nh5 19. Qh3 g6 20. Nf3 Qd8 21. Bd4 Bf6 22. Bxf6 Nxf6 23. Qh6 Bc8 24. Ng5 Ke7 25. Nd4 Bd7 26. Ngxe6 Qg8 27. Nc7 a5 28. Qg5 Be6 29. Ncxe6 fxe6 30. e5 h6 31. Qxf6+ 1-0

[Event "HUN-chT2 Breyer 0506"]
[Site "Hungary"]
[Date "2006.02.12"]
[Round "7"]
[White "Adam, Gyorgy"]
[Black "Bencsura, Barnabas"]
[Result "0-1"]
[WhiteElo "2181"]
[BlackElo "2046"]
[PlyCount "62"]
[EventDate "2005.10.16"]
[EventType "team"]
[EventRounds "11"]
[EventCountry "HUN"]
[SourceTitle "EXT 2009"]
[Source "ChessBase"]
[SourceDate "2008.11.26"]
[SourceVersion "1"]
[SourceVersionDate "2008.11.26"]
[SourceQuality "1"]
[WhiteTeam "Barcza"]
[BlackTeam "Balatonfuered"]
[WhiteTeamCountry "HUN"]
[BlackTeamCountry "HUN"]

1. e4 c5 2. Nf3 e6 3. d4 cxd4 4. Nxd4 a6 5. Be2 Nc6 6. 0-0 Qc7 7. Be3 Nf6 8. Nd2 d5 9. Bf3 Nxd4 10. Bxd4 e5 11. Bxe5 Qxe5 12. exd5 Be7 13. Re1 Qc7 14. Qe2 Kf8 15. c4 Bf5 16. Nb3 Bb4 17. Rec1 Re8 18. Qf1 Bd6 19. g3 h5 20. c5 Be5 21. d6 Qd7 22. Na5 Bxb2 23. Nxb7 Bxa1 24. c6 Qe6 25. Rxa1 g5 26. Qxa6 Bh3 27. Qa5 h4 28. Bg2 Bxg2 29. Kxg2 hxg3 30. Qxg5 Qh3+ 31. Kf3 gxh2+ 0-1

[Event "HUN-chT2 Breyer 0405"]
[Site "Hungary"]
[Date "2005.02.20"]
[Round "8"]
[White "Adam, Gyorgy"]
[Black "Bencsura, Barnabas"]
[Result "1-0"]
[WhiteElo "2102"]
[BlackElo "2065"]
[PlyCount "79"]
[EventDate "2004.09.26"]
[EventType "team"]
[EventRounds "11"]
[EventCountry "HUN"]
[SourceTitle "EXT 2009"]
[Source "ChessBase"]
[SourceDate "2008.11.26"]
[SourceVersion "1"]
[SourceVersionDate "2008.11.26"]
[SourceQuality "1"]
[WhiteTeam "Barcza"]
[BlackTeam "Balatonfuered"]
[WhiteTeamCountry "HUN"]
[BlackTeamCountry "HUN"]

1. e4 c5 2. Nf3 e6 3. d4 cxd4 4. Nxd4 a6 5. c3 Qc7 6. Bd3 Nf6 7. 0-0 d5 8. exd5 Nxd5 9. Re1 Bd6 10. g3 0-0 11. Bg5 Be7 12. Bxe7 Qxe7 13. Bxh7+ Kxh7 14. Qh5+ Kg8 15. Qxd5 Rd8 16. Qh5 Nd7 17. Nd2 Nf6 18. Qg5 Qc7 19. Ne4 Nxe4 20. Rxe4 Rd5 21. Qe3 e5 22. Nf3 f6 23. c4 Rd8 24. c5 Qf7 25. Rh4 Bf5 26. Nd2 Rd3 27. Qe2 Rad8 28. Nb3 g5 29. Rb4 Bh3 30. f3 Qd5 31. Re4 a5 32. Re3 Rd1+ 33. Rxd1 Qxd1+ 34. Qxd1 Rxd1+ 35. Kf2 Rf1+ 36. Ke2 a4 37. Nd2 Rh1 38. Ne4 Rxh2+ 39. Nf2 Bd7 40. b3 1-0

[Event "HUN-chT2 Breyer 0405"]
[Site "Hungary"]
[Date "2004.10.10"]
[Round "2"]
[White "Bencsura, Barnabas"]
[Black "Goth, Gabor"]
[Result "1/2-1/2"]
[WhiteElo "2065"]
[BlackElo "2079"]
[PlyCount "36"]
[EventDate "2004.09.26"]
[EventType "team"]
[EventRounds "11"]
[EventCountry "HUN"]
[SourceTitle "EXT 2009"]
[Source "ChessBase"]
[SourceDate "2008.11.26"]
[SourceVersion "1"]
[SourceVersionDate "2008.11.26"]
[SourceQuality "1"]
[WhiteTeam "Balatonfuered"]
[BlackTeam "Komarom"]
[WhiteTeamCountry "HUN"]
[BlackTeamCountry "HUN"]

1. c4 c5 2. Nc3 Nc6 3. g3 g6 4. Bg2 Bg7 5. e3 d6 6. Nge2 Nf6 7. d4 Bd7 8. 0-0 0-0 9. a3 e5 10. Rb1 a5 11. Nb5 Bf5 12. Ra1 Qe7 13. Nec3 h6 14. d5 Na7 15. Nxa7 Rxa7 16. e4 Bd7 17. Rb1 b6 18. h3 Rc8 1/2-1/2